[Event "CYCC U10"]
[Site "Quebec CAN"]
[Date "2008.07.16"]
[Round "5"]
[White "Brichko, Michael"]
[Black "Graif, William"]
[Result "0-1"]
[WhiteElo "1541"]
[BlackElo "1050"]
[PlyCount "60"]
[GameId "2160767910353927"]
[EventDate "2008.07.14"]
[EventType "swiss"]
[EventRounds "7"]
[EventCountry "CAN"]
[SourceTitle "EXT 2011"]
[Source "ChessBase"]
[SourceDate "2011.11.26"]
[SourceVersion "1"]
[SourceVersionDate "2011.11.26"]
[SourceQuality "1"]

1. d4 Nf6 2. c4 e6 3. Nc3 Bb4 4. a3 Bxc3+ 5. bxc3 Ne4 6. Qc2 f5 7. e3 b6 8. Nf3 Bb7 9. Be2 d6 10. O-O Nd7 11. Bb2 O-O 12. Rad1 Qe8 13. a4 Qg6 14. Rfe1 Ndf6 15. h3 Qh6 16. h4 Ng4 17. Rd3 Ngxf2 18. d5 Nxd3 19. Qxd3 Nc5 20. Qd2 e5 21. Rf1 Nb3 22. Qc2 Qxe3+ 23. Kh1 Nc5 24. Bc1 Qe4 25. Qd1 f4 26. Ng5 Qg6 27. Bh5 Qd3 28. Bd2 Qxc4 29. Be2 Qxd5 30. c4 Qxg2# 0-1

[Event "CYCC U10"]
[Site "Quebec CAN"]
[Date "2008.07.16"]
[Round "5"]
[White "Feng, Bob"]
[Black "Levesque, Brale"]
[Result "1-0"]
[WhiteElo "1238"]
[BlackElo "1226"]
[PlyCount "45"]
[GameId "2160767910353928"]
[EventDate "2008.07.14"]
[EventType "swiss"]
[EventRounds "7"]
[EventCountry "CAN"]

1. e4 e5 2. Nf3 Nc6 3. Bb5 Nf6 4. O-O Nd4 5. Nxd4 exd4 6. e5 Nd5 7. Re1 c6 8. Bc4 Bc5 9. Qf3 Qh4 10. Bxd5 cxd5 11. Qxd5 b6 12. Qxa8 d3 13. Qf3 dxc2 14. Nc3 Bb7 15. Qg3 O-O 16. Qxh4 h6 17. Qg3 Kh8 18. b3 a5 19. Bb2 Bc6 20. Na4 Ra8 21. Nxc5 a4 22. e6 Rf8 23. Qxg7# 1-0

[Event "CYCC U10"]
[Site "Quebec CAN"]
[Date "2008.07.16"]
[Round "5"]
[White "Gagne, Cory"]
[Black "Roberge, Alexandre"]
[Result "1-0"]
[WhiteElo "938"]
[BlackElo "889"]
[PlyCount "47"]
[GameId "2160767910353931"]
[EventDate "2008.07.14"]
[EventType "swiss"]
[EventRounds "7"]
[EventCountry "CAN"]
[SourceTitle "EXT 2011"]
[Source "ChessBase"]
[SourceDate "2011.11.26"]
[SourceVersion "1"]
[SourceVersionDate "2011.11.26"]
[SourceQuality "1"]

1. e4 e5 2. Nf3 Nc6 3. d3 Nf6 4. Bg5 Bc5 5. c3 Be7 6. d4 Nxe4 7. dxe5 Bxg5 8. Bb5 Be7 9. O-O O-O 10. Nbd2 Nc5 11. Nd4 Nxe5 12. Nf5 Ng6 13. Nxe7+ Qxe7 14. Re1 Qg5 15. g3 b6 16. Nf3 Qg4 17. h3 Qxh3 18. Ng5 Qf5 19. Qh5 h6 20. g4 Qd5 21. Red1 Re8 22. Rxd5 Nf4 23. Qxf7+ Kh8 24. Qxe8# 1-0

[Event "CYCC U10"]
[Site "Quebec CAN"]
[Date "2008.07.16"]
[Round "5"]
[White "Herdin, Matthew"]
[Black "Plotkin, Mark"]
[Result "0-1"]
[WhiteElo "1228"]
[BlackElo "1470"]
[PlyCount "70"]
[GameId "2160767910353932"]
[EventDate "2008.07.14"]
[EventType "swiss"]
[EventRounds "7"]
[EventCountry "CAN"]
[SourceTitle "EXT 2011"]
[Source "ChessBase"]
[SourceDate "2011.11.26"]
[SourceVersion "1"]
[SourceVersionDate "2011.11.26"]
[SourceQuality "1"]

1. c4 e5 2. Nc3 Bc5 3. d3 Nf6 4. Bg5 c6 5. Nf3 d6 6. g3 Qb6 7. Bg2 Bxf2+ 8. Kf1 Bd4 9. Na4 Qd8 10. h4 h6 11. Nxd4 hxg5 12. Nf3 gxh4 13. gxh4 b5 14. cxb5 cxb5 15. Ng5 Ng4 16. Kg1 bxa4 17. Bxa8 Qb6+ 18. d4 exd4 19. Qxa4+ Bd7 20. Qb3 Qc5 21. Qxf7+ Kd8 22. Ne6+ Bxe6 23. Qxe6 d3+ 24. e3 Nxe3 25. Kh2 Rxh4+ 26. Kg3 Qg5+ 27. Kf2 Rf4+ 28. Kxe3 Rf6+ 29. Kxd3 Rxe6 30. Rh8+ Re8 31. Rxe8+ Kxe8 32. Re1+ Kf7 33. Be4 Qb5+ 34. Kc3 Qa5+ 35. b4 Qa3+ 0-1

[Event "CYCC U10"]
[Site "Quebec CAN"]
[Date "2008.07.16"]
[Round "5"]
[White "Jean, Justin"]
[Black "Liu, Peter"]
[Result "1-0"]
[WhiteElo "1305"]
[BlackElo "799"]
[PlyCount "59"]
[GameId "2160767910353933"]
[EventDate "2008.07.14"]
[EventType "swiss"]
[EventRounds "7"]
[EventCountry "CAN"]
[SourceTitle "EXT 2011"]
[Source "ChessBase"]
[SourceDate "2011.11.26"]
[SourceVersion "1"]
[SourceVersionDate "2011.11.26"]
[SourceQuality "1"]

1. e4 c5 2. Nf3 d6 3. d4 cxd4 4. Nxd4 Nf6 5. Nc3 g6 6. Be3 Bg7 7. Qd2 O-O 8. Bh6 Nc6 9. Bxg7 Kxg7 10. O-O-O Qa5 11. Kb1 Nb4 12. a3 Nc6 13. Bc4 Qh5 14. f3 Nxd4 15. Qxd4 Qa5 16. g4 e5 17. Qe3 Qa4 18. Nxa4 Rb8 19. h4 b5 20. Bxb5 Rxb5 21. Nc3 Rc5 22. Rxd6 Ne8 23. Qxc5 Nxd6 24. Qxd6 f5 25. Qxe5+ Rf6 26. g5 Kf7 27. Qxf6+ Ke8 28. Rd1 Bd7 29. Nb5 a6 30. Nc7# 1-0

[Event "CYCC U10"]
[Site "Quebec CAN"]
[Date "2008.07.16"]
[Round "5"]
[White "Jensen, Jacob"]
[Black "Gu, Sheng Ming"]
[Result "1/2-1/2"]
[WhiteElo "1569"]
[BlackElo "1398"]
[PlyCount "91"]
[GameId "2160767910353934"]
[EventDate "2008.07.14"]
[EventType "swiss"]
[EventRounds "7"]
[EventCountry "CAN"]
[SourceTitle "EXT 2011"]
[Source "ChessBase"]
[SourceDate "2011.11.26"]
[SourceVersion "1"]
[SourceVersionDate "2011.11.26"]
[SourceQuality "1"]

1. c4 e6 2. Nc3 Nf6 3. g3 Nc6 4. Bg2 Be7 5. Nf3 O-O 6. O-O d5 7. d3 d4 8. Nb1 e5 9. a3 a5 10. Nbd2 Bf5 11. Nb3 Qd7 12. Nh4 Bh3 13. f4 Bxg2 14. Kxg2 Ng4 15. h3 Bxh4 16. gxh4 Ne3+ 17. Bxe3 dxe3 18. Qe1 Nd4 19. Nxd4 exd4 20. Qg3 Qf5 21. Qg5 Qxg5+ 22. hxg5 f6 23. Kg3 c5 24. Rab1 fxg5 25. fxg5 a4 26. Kg2 Rxf1 27. Rxf1 b5 28. Rf5 bxc4 29. dxc4 Rb8 30. Rxc5 Rxb2 31. Kf3 h6 32. gxh6 gxh6 33. Rd5 Rb3 34. Rxd4 Rxa3 35. c5 Rc3 36. Rxa4 Rxc5 37. Rh4 Kg7 38. Kxe3 Kg6 39. Rg4+ Kf6 40. Kd4 Ra5 41. Rg3 Kf5 42. e4+ Kf6 43. Rc3 Ra6 44. e5+ Ke6 45. Rc4 Kf5 46. h4 1/2-1/2

[Event "CYCC U10"]
[Site "Quebec CAN"]
[Date "2008.07.16"]
[Round "5"]
[White "Song, Terry"]
[Black "Dorrance, Adam"]
[Result "1/2-1/2"]
[WhiteElo "1435"]
[BlackElo "1640"]
[PlyCount "69"]
[GameId "2160767910353936"]
[EventDate "2008.07.14"]
[EventType "swiss"]
[EventRounds "7"]
[EventCountry "CAN"]
[SourceTitle "EXT 2011"]
[Source "ChessBase"]
[SourceDate "2011.11.26"]
[SourceVersion "1"]
[SourceVersionDate "2011.11.26"]
[SourceQuality "1"]

1. e4 c6 2. d4 d5 3. exd5 cxd5 4. Bd3 Nf6 5. Bf4 Nc6 6. c3 Qb6 7. Qc2 Bd7 8. Nd2 Rc8 9. Ngf3 Nb4 10. Qb1 Nxd3+ 11. Qxd3 e6 12. Qc2 Bd6 13. Bxd6 Qxd6 14. O-O O-O 15. Ne5 Bb5 16. Rfe1 Nd7 17. f4 f6 18. Nxd7 Bxd7 19. g3 Rfe8 20. Nf3 b5 21. b4 Rc6 22. Rac1 Rec8 23. Re3 Qxb4 24. cxb4 Rxc2 25. Rxc2 Rxc2 26. Ra3 Rc7 27. Kf2 Bc8 28. Nd2 a6 29. Ke3 Kf7 30. Kd3 Kg6 31. h3 Kf5 32. Nf3 Kg6 33. Rc3 Rxc3+ 34. Kxc3 Kf5 35. Kd3 1/2-1/2

[Event "CYCC U10"]
[Site "Quebec CAN"]
[Date "2008.07.16"]
[Round "5"]
[White "Tomelden, West"]
[Black "De Forest, David"]
[Result "1-0"]
[WhiteElo "966"]
[BlackElo "1233"]
[PlyCount "149"]
[GameId "2160767910353937"]
[EventDate "2008.07.14"]
[EventType "swiss"]
[EventRounds "7"]
[EventCountry "CAN"]
[SourceTitle "EXT 2011"]
[Source "ChessBase"]
[SourceDate "2011.11.26"]
[SourceVersion "1"]
[SourceVersionDate "2011.11.26"]
[SourceQuality "1"]

1. e4 c5 2. Nc3 Nc6 3. Nf3 Nf6 4. Bc4 e6 5. d4 d5 6. e5 dxc4 7. exf6 Qxf6 8. Bg5 Qf5 9. dxc5 Bxc5 10. a3 Nd4 11. h4 Nxf3+ 12. gxf3 O-O 13. Qe2 a5 14. O-O-O b5 15. Qd2 h6 16. Bd8 Qxf3 17. Bg5 Bb7 18. Nxb5 Qxf2 19. Rh3 Qxd2+ 20. Rxd2 hxg5 21. hxg5 f6 22. g6 Rfd8 23. Rdh2 Kf8 24. Nc7 Bd6 25. Nxe6+ Ke7 26. Nxd8 Bxh2 27. Nxb7 Bf4+ 28. Kb1 c3 29. b3 a4 30. b4 Be5 31. Rh7 f5 32. Na5 f4 33. Nc6+ Ke6 34. Nxe5 Rg8 35. Nc6 f3 36. Nd8+ Kf5 37. Rh3 f2 38. Rf3+ Kxg6 39. Nc6 Kh5 40. Rxf2 g5 41. b5 g4 42. b6 Rg7 43. Rh2+ Kg5 44. Nd8 g3 45. Rg2 Kh4 46. b7 Rxb7+ 47. Nxb7 Kh3 48. Rxg3+ Kxg3 49. Nc5 Kf4 50. Nxa4 Ke4 51. Nxc3+ Kd4 52. Kb2 Kc4 53. a4 Kb4 54. Nd5+ Kxa4 55. c4 Ka5 56. Kb3 Ka6 57. Kb4 Kb7 58. Kb5 Kc8 59. c5 Kd8 60. Kb6 Kd7 61. c6+ Kc8 62. Ne7+ Kd8 63. c7+ Kxe7 64. c8=R Kd7 65. Rc1 Kd6 66. Rd1+ Ke5 67. Kc5 Ke4 68. Rd8 Ke5 69. Re8+ Kf6 70. Kd5 Kf7 71. Re1 Kf8 72. Kd6 Kf7 73. Re2 Kf6 74. Rf2+ Kg5 75. Ke5 1-0

[Event "CYCC U10"]
[Site "Quebec CAN"]
[Date "2008.07.16"]
[Round "5"]
[White "Yang, Bryant"]
[Black "Preotu, Razvan"]
[Result "1-0"]
[WhiteElo "1348"]
[BlackElo "1526"]
[PlyCount "65"]
[GameId "2160767910353938"]
[EventDate "2008.07.14"]
[EventType "swiss"]
[EventRounds "7"]
[EventCountry "CAN"]
[SourceTitle "EXT 2011"]
[Source "ChessBase"]
[SourceDate "2011.11.26"]
[SourceVersion "1"]
[SourceVersionDate "2011.11.26"]
[SourceQuality "1"]

1. d4 d5 2. c4 e6 3. Nc3 Nf6 4. Bg5 Be7 5. Nf3 O-O 6. e3 b6 7. Bd3 Bb7 8. O-O Nbd7 9. Qe2 c5 10. cxd5 exd5 11. dxc5 bxc5 12. Rac1 Rc8 13. Ba6 Bxa6 14. Qxa6 Qc7 15. Qd3 c4 16. Qd1 Nc5 17. Bxf6 Bxf6 18. Nxd5 Qd8 19. Nxf6+ Qxf6 20. Qd4 Qxd4 21. Nxd4 Nd3 22. Rc2 Rfd8 23. b3 c3 24. a3 a6 25. Ne2 Rc7 26. Rd1 Rcd7 27. Rxc3 Kf8 28. Nd4 Ne5 29. Kf1 Ke7 30. Ke2 Re8 31. f4 Ng4 32. Nc6+ Ke6 33. f5+ 1-0

[Event "CYCC U10"]
[Site "Quebec CAN"]
[Date "2008.07.16"]
[Round "5"]
[White "Yu, Patrick"]
[Black "Saravanabava, Prathyakshan"]
[Result "0-1"]
[WhiteElo "1502"]
[BlackElo "1160"]
[PlyCount "102"]
[GameId "2160767910353939"]
[EventDate "2008.07.14"]
[EventType "swiss"]
[EventRounds "7"]
[EventCountry "CAN"]
[SourceTitle "EXT 2011"]
[Source "ChessBase"]
[SourceDate "2011.11.26"]
[SourceVersion "1"]
[SourceVersionDate "2011.11.26"]
[SourceQuality "1"]

1. e4 e5 2. Nf3 Nc6 3. Bb5 Nd4 4. Ba4 b5 5. Nxd4 bxa4 6. Nf3 d6 7. h3 Nf6 8. Nc3 Bb7 9. d3 Qd7 10. Be3 c5 11. Bg5 Be7 12. O-O O-O 13. Nd2 d5 14. exd5 Nxd5 15. Nxd5 Qxd5 16. Qg4 f5 17. Qg3 f4 18. Qg4 h5 19. Qf3 Bxg5 20. Ne4 Be7 21. Qxh5 Qf7 22. Qxe5 Bxe4 23. Qxe4 f3 24. g3 Qh5 25. Kh2 Qe8 26. Rfe1 Bf6 27. Qxf3 Qf7 28. c3 Rfe8 29. Rad1 Qxa2 30. c4 Qxb2 31. Qd5+ Kf8 32. Qxc5+ Be7 33. Qf5+ Qf6 34. Qh5 Qxf2+ 35. Kh1 Qf7 36. Rf1 Bf6 37. Qc5+ Qe7 38. Qd5 Rab8 39. Qh5 Rb2 40. Qh8+ Kf7 41. Qh5+ Kg8 42. Qd5+ Kf8 43. Qf3 Qb7 44. g4 Qxf3+ 45. Rxf3 Kg8 46. Rff1 Ree2 47. Rf4 Rh2+ 48. Kg1 Rxh3 49. Ra1 Rxd3 50. Raf1 Bd4+ 51. Kh1 Rh3# 0-1

[Event "CYCC U10"]
[Site "Quebec CAN"]
[Date "2008.07.16"]
[Round "5"]
[White "Zhu, Hong Rui"]
[Black "Doknjas, John"]
[Result "1/2-1/2"]
[WhiteElo "1636"]
[BlackElo "1615"]
[PlyCount "68"]
[GameId "2160767910353940"]
[EventDate "2008.07.14"]
[EventType "swiss"]
[EventRounds "7"]
[EventCountry "CAN"]
[SourceTitle "EXT 2011"]
[Source "ChessBase"]
[SourceDate "2011.11.26"]
[SourceVersion "1"]
[SourceVersionDate "2011.11.26"]
[SourceQuality "1"]

1. e4 e6 2. d4 d5 3. e5 c5 4. c3 Qb6 5. Nf3 Nc6 6. Bd3 Bd7 7. Bc2 cxd4 8. cxd4 Nb4 9. O-O Nxc2 10. Qxc2 Rc8 11. Nc3 Bb4 12. Bd2 Ne7 13. a3 Bxc3 14. bxc3 Nf5 15. Qb1 Qxb1 16. Raxb1 b5 17. Rfc1 O-O 18. Ne1 Rc4 19. Rb4 a5 20. Rxc4 dxc4 21. Nf3 Ne7 22. Kf1 Nd5 23. Ke2 Rb8 24. Rb1 h6 25. h4 Kf8 26. g4 Ke8 27. Ne1 Kd8 28. Nc2 Kc7 29. Ne3 Nf4+ 30. Kf3 Nd3 31. Kg3 Bc6 32. f3 Bd5 33. Nc2 Kc6 34. Ne1 Rb7 1/2-1/2

[Event "CYCC U10"]
[Site "Quebec CAN"]
[Date "2008.07.16"]
[Round "6"]
[White "Andronescu, Tiberiu"]
[Black "Feng, Bob"]
[Result "1-0"]
[WhiteElo "1191"]
[BlackElo "1238"]
[PlyCount "57"]
[GameId "2160767910353941"]
[EventDate "2008.07.14"]
[EventType "swiss"]
[EventRounds "7"]
[EventCountry "CAN"]

1. d4 d5 2. c4 e6 3. Nf3 Nc6 4. Nc3 Nf6 5. Bg5 Be7 6. e3 O-O 7. Be2 dxc4 8. Bxc4 Nd5 9. Bxe7 Ncxe7 10. O-O b6 11. e4 Nxc3 12. bxc3 Bb7 13. Qc2 Qd6 14. Ng5 Qc6 15. Bd3 f5 16. f3 h6 17. Nh3 Rad8 18. Rab1 a6 19. Rfe1 Rde8 20. exf5 Nxf5 21. Qd2 Re7 22. Be4 Qd6 23. Bxb7 c6 24. Bxa6 b5 25. c4 Nxd4 26. Qd1 Ra8 27. cxb5 cxb5 28. Bxb5 Rb8 29. Re4 1-0

[Event "CYCC U10"]
[Site "Quebec CAN"]
[Date "2008.07.16"]
[Round "6"]
[White "Berube, Pascal"]
[Black "Yu, Patrick"]
[Result "0-1"]
[WhiteElo "808"]
[BlackElo "1502"]
[PlyCount "100"]
[GameId "2160767910353943"]
[EventDate "2008.07.14"]
[EventType "swiss"]
[EventRounds "7"]
[EventCountry "CAN"]
[SourceTitle "EXT 2011"]
[Source "ChessBase"]
[SourceDate "2011.11.26"]
[SourceVersion "1"]
[SourceVersionDate "2011.11.26"]
[SourceQuality "1"]

1. e4 c5 2. Nf3 d5 3. d3 dxe4 4. dxe4 Qxd1+ 5. Kxd1 Bg4 6. Nbd2 Nc6 7. h3 Bxf3+ 8. Nxf3 O-O-O+ 9. Bd2 Nf6 10. Bd3 Nd4 11. Ng5 Rg8 12. Nxf7 Re8 13. e5 Nd7 14. c3 Nc6 15. Bf5 g6 16. Bxd7+ Kxd7 17. Ng5 Nxe5 18. Bf4 Bg7 19. Re1 Nd3 20. Re4 Nxf2+ 21. Ke2 Nxe4 22. Nxe4 b6 23. Rd1+ Kc6 24. b4 Rd8 25. Ra1 Rgf8 26. Ke3 e5 27. Bg5 Rd7 28. a4 h6 29. b5+ Kb7 30. Bh4 g5 31. Bg3 c4 32. a5 Rd3+ 33. Ke2 bxa5 34. Rxa5 Kb6 35. Ra6+ Kxb5 36. Rxa7 Bh8 37. Rb7+ Kc6 38. Rb4 Kd5 39. Nf2 Rxg3 40. Kf1 Rxc3 41. Rb5+ Kc6 42. Ra5 Rc1+ 43. Ke2 Rc2+ 44. Kf1 Rfxf2+ 45. Kg1 Rxg2+ 46. Kh1 e4 47. Ra6+ Kd5 48. Rxh6 Rh2+ 49. Kg1 Bd4+ 50. Kf1 Rh1# 0-1

[Event "CYCC U10"]
[Site "Quebec CAN"]
[Date "2008.07.16"]
[Round "6"]
[White "Dorrance, Adam"]
[Black "McCleary, Reuben"]
[Result "1/2-1/2"]
[WhiteElo "1640"]
[BlackElo "1341"]
[PlyCount "79"]
[GameId "2160767910353945"]
[EventDate "2008.07.14"]
[EventType "swiss"]
[EventRounds "7"]
[EventCountry "CAN"]
[SourceTitle "EXT 2011"]
[Source "ChessBase"]
[SourceDate "2011.11.26"]
[SourceVersion "1"]
[SourceVersionDate "2011.11.26"]
[SourceQuality "1"]

1. d4 e6 2. Nf3 d5 3. g3 Nf6 4. Bg2 c5 5. O-O Nc6 6. c3 Be7 7. Bg5 Qb6 8. b3 h6 9. Be3 O-O 10. Nbd2 Bd7 11. dxc5 Bxc5 12. Bxc5 Qxc5 13. Rc1 Rac8 14. Re1 Rfd8 15. e3 e5 16. b4 Qe7 17. Qb3 e4 18. Nd4 Ne5 19. Bf1 Bg4 20. h3 Be6 21. c4 Qd7 22. Nxe6 Qxe6 23. cxd5 Rxd5 24. Rxc8+ Qxc8 25. Nxe4 Nxe4 26. Qxd5 Nf3+ 27. Kh1 Nxf2+ 28. Kg2 Nxe1+ 29. Kxf2 Nc2 30. Bc4 Qc7 31. Qe4 Nxb4 32. Qe8+ Kh7 33. Qxf7 Qxf7+ 34. Bxf7 Nd3+ 35. Ke2 Ne5 36. Bd5 b6 37. e4 Kg6 38. Ke3 Kf6 39. Kd4 Nf3+ 40. Ke3 1/2-1/2

[Event "CYCC U10"]
[Site "Quebec CAN"]
[Date "2008.07.16"]
[Round "6"]
[White "Gagne, Cory"]
[Black "De Forest, David"]
[Result "0-1"]
[WhiteElo "938"]
[BlackElo "1233"]
[PlyCount "84"]
[GameId "2160767910353947"]
[EventDate "2008.07.14"]
[EventType "swiss"]
[EventRounds "7"]
[EventCountry "CAN"]
[SourceTitle "EXT 2011"]
[Source "ChessBase"]
[SourceDate "2011.11.26"]
[SourceVersion "1"]
[SourceVersionDate "2011.11.26"]
[SourceQuality "1"]

1. e4 e5 2. Nf3 Nc6 3. Bc4 Nf6 4. O-O g6 5. c3 Bg7 6. d4 exd4 7. cxd4 O-O 8. e5 Ne8 9. Bg5 Nf6 10. exf6 Bxf6 11. Bh6 Re8 12. Nc3 Bh4 13. Qd2 Bf6 14. Nd5 a6 15. Nxf6+ Qxf6 16. Bg5 Qd6 17. Qf4 Qxf4 18. Bxf4 Nxd4 19. Nxd4 Re4 20. Rae1 Rxf4 21. Re8+ Kg7 22. g3 Rxd4 23. Be2 Rd2 24. f4 Rxb2 25. g4 f5 26. Bd3 d5 27. h3 Rxa2 28. gxf5 Bxf5 29. Bxf5 Rxe8 30. Bb1 Rb2 31. Bd3 a5 32. f5 Rf8 33. fxg6 Rxf1+ 34. Kxf1 hxg6 35. Ke1 a4 36. Kd1 a3 37. Kc1 c5 38. h4 c4 39. Bf1 c3 40. Bd3 a2 41. h5 a1=R+ 42. Bb1 Raxb1# 0-1

[Event "CYCC U10"]
[Site "Quebec CAN"]
[Date "2008.07.16"]
[Round "6"]
[White "Graif, William"]
[Black "Yang, Bryant"]
[Result "1-0"]
[WhiteElo "1050"]
[BlackElo "1348"]
[PlyCount "105"]
[GameId "2160767910353948"]
[EventDate "2008.07.14"]
[EventType "swiss"]
[EventRounds "7"]
[EventCountry "CAN"]
[SourceTitle "EXT 2011"]
[Source "ChessBase"]
[SourceDate "2011.11.26"]
[SourceVersion "1"]
[SourceVersionDate "2011.11.26"]
[SourceQuality "1"]

1. e4 e5 2. Nf3 Nc6 3. d4 exd4 4. Nxd4 Nxd4 5. Qxd4 b6 6. Nc3 Bb7 7. Bc4 Nf6 8. e5 Ng8 9. Qg4 Qe7 10. f4 Nh6 11. Qe2 g6 12. O-O Bg7 13. Bd2 O-O-O 14. Ba6 Rhf8 15. Bxb7+ Kxb7 16. a4 f6 17. a5 Ra8 18. axb6 axb6 19. Qf3+ c6 20. Be3 Qe6 21. exf6 Bxf6 22. Na4 Ra6 23. Bxb6 Rxa4 24. Rxa4 Kxb6 25. Qa3 Qe7 26. Rb4+ Kc7 27. Qa7+ Kd6 28. Rd1+ Ke6 29. Re4+ Kf7 30. Rxd7 Re8 31. Qa2+ Kf8 32. Rexe7 Rxe7 33. Rxe7 Kxe7 34. c4 Ng4 35. Qa7+ Ke6 36. b4 h6 37. h3 Ne5 38. fxe5 Bxe5 39. b5 cxb5 40. cxb5 g5 41. b6 Bd4+ 42. Kf1 h5 43. Qa6 Bxb6 44. Qxb6+ Kf5 45. Kf2 g4 46. h4 Kf4 47. Qc5 Ke4 48. Ke2 Kf4 49. Qxh5 Kg3 50. Qg5 Kh2 51. Kf2 g3+ 52. Qxg3+ Kh1 53. Qh3# 1-0

[Event "CYCC U10"]
[Site "Quebec CAN"]
[Date "2008.07.16"]
[Round "6"]
[White "Herdin, Matthew"]
[Black "Tomelden, West"]
[Result "1-0"]
[WhiteElo "1228"]
[BlackElo "966"]
[PlyCount "40"]
[GameId "2160767910353949"]
[EventDate "2008.07.14"]
[EventType "swiss"]
[EventRounds "7"]
[EventCountry "CAN"]
[SourceTitle "EXT 2011"]
[Source "ChessBase"]
[SourceDate "2011.11.26"]
[SourceVersion "1"]
[SourceVersionDate "2011.11.26"]
[SourceQuality "1"]

1. e4 e5 2. Nf3 Nc6 3. Bb5 Nf6 4. Nc3 Bb4 5. d3 Nd4 6. Bc4 Nxf3+ 7. Qxf3 Bxc3+ 8. bxc3 d6 9. O-O Bg4 10. Qg3 Be2 11. Re1 Bg4 12. Bg5 Qd7 13. Bxf6 gxf6 14. a4 O-O-O 15. Qe3 b6 16. a5 c5 17. axb6 axb6 18. Ra8+ Kc7 19. Ra7+ Kc6 20. Bd5+ Kb5 1-0

[Event "CYCC U10"]
[Site "Quebec CAN"]
[Date "2008.07.16"]
[Round "6"]
[White "Jensen, Jacob"]
[Black "Jean, Justin"]
[Result "1-0"]
[WhiteElo "1569"]
[BlackElo "1305"]
[PlyCount "91"]
[GameId "2160767910353950"]
[EventDate "2008.07.14"]
[EventType "swiss"]
[EventRounds "7"]
[EventCountry "CAN"]
[SourceTitle "EXT 2011"]
[Source "ChessBase"]
[SourceDate "2011.11.26"]
[SourceVersion "1"]
[SourceVersionDate "2011.11.26"]
[SourceQuality "1"]

1. c4 e5 2. Nc3 Nf6 3. g3 Bc5 4. Bg2 O-O 5. Nf3 Nc6 6. O-O d6 7. d3 Bf5 8. h3 Qd7 9. Kh2 Rfe8 10. Bg5 Qe6 11. Bxf6 Qxf6 12. Nd5 Qd8 13. a3 Rb8 14. b4 Bb6 15. a4 Be6 16. a5 Bd4 17. Rb1 Bxd5 18. cxd5 Ne7 19. e3 Bc3 20. Qb3 Bxb4 21. Qxb4 Nxd5 22. Qc4 Nf6 23. Rfc1 Re7 24. Nd2 b6 25. Qa6 Ra8 26. Bxa8 Qxa8 27. axb6 cxb6 28. Rc8+ Qxc8 29. Qxc8+ Re8 30. Qb7 h6 31. Qxa7 d5 32. Qxb6 e4 33. Qd4 exd3 34. Qxd3 g6 35. Qd4 Kg7 36. Rb6 Re6 37. Rxe6 fxe6 38. Qe5 Kf7 39. Nf3 g5 40. Nd4 Nd7 41. Qxe6+ Kg7 42. Nf5+ Kh7 43. Qxd7+ Kg6 44. g4 Kf6 45. Qe7+ Kg6 46. Qg7# 1-0

[Event "CYCC U10"]
[Site "Quebec CAN"]
[Date "2008.07.16"]
[Round "6"]
[White "Levesque, Brale"]
[Black "Roberge, Alexandre"]
[Result "1-0"]
[WhiteElo "1226"]
[BlackElo "889"]
[PlyCount "83"]
[GameId "2160767910353951"]
[EventDate "2008.07.14"]
[EventType "swiss"]
[EventRounds "7"]
[EventCountry "CAN"]
[SourceTitle "EXT 2011"]
[Source "ChessBase"]
[SourceDate "2011.11.26"]
[SourceVersion "1"]
[SourceVersionDate "2011.11.26"]
[SourceQuality "1"]

1. e4 e5 2. Nf3 Nc6 3. Bc4 Bc5 4. Nc3 Nf6 5. O-O O-O 6. Nd5 d6 7. d3 Bg4 8. Bg5 Nd4 9. h3 Bxf3 10. gxf3 h6 11. Be3 Nc6 12. f4 Re8 13. f5 Qd7 14. Nxf6+ gxf6 15. Qg4+ Kf8 16. Bxh6+ Ke7 17. Qg7 Kd8 18. Qxf6+ Kc8 19. Bxf7 Rd8 20. Be6 Kb8 21. Bxd7 Rxd7 22. Bg5 Rd8 23. Qf7 a6 24. Bxd8 Nxd8 25. Qe8 c6 26. Qxd8+ Ka7 27. Qg5 Kb6 28. a3 Ka7 29. b4 Bb6 30. c4 c5 31. Rab1 Rb8 32. f6 Rc8 33. Qf5 Rb8 34. f7 Bd8 35. f8=Q d5 36. Qxc5+ Ka8 37. b5 d4 38. bxa6 b5 39. Rxb5 Rxb5 40. Qxb5 Bb6 41. Qc6+ Ka7 42. Qb7# 1-0

[Event "CYCC U10"]
[Site "Quebec CAN"]
[Date "2008.07.16"]
[Round "6"]
[White "Plotkin, Mark"]
[Black "Rathburn-MacKay, Hector"]
[Result "1/2-1/2"]
[WhiteElo "1470"]
[BlackElo "1321"]
[PlyCount "148"]
[GameId "2160767910353952"]
[EventDate "2008.07.14"]
[EventType "swiss"]
[EventRounds "7"]
[EventCountry "CAN"]
[SourceTitle "EXT 2011"]
[Source "ChessBase"]
[SourceDate "2011.11.26"]
[SourceVersion "1"]
[SourceVersionDate "2011.11.26"]
[SourceQuality "1"]

1. e4 g6 2. d4 Bg7 3. f4 d6 4. c4 Nc6 5. Nf3 Bg4 6. d5 Nb8 7. h3 Bxf3 8. Qxf3 c6 9. Nc3 Qa5 10. Bd2 Qb6 11. Na4 Qd8 12. Nc3 cxd5 13. cxd5 a6 14. Bc4 Nd7 15. O-O Rb8 16. Rac1 b5 17. Bb3 Nc5 18. Bc2 Qd7 19. b4 Nb7 20. a4 Kf8 21. axb5 axb5 22. Bd3 Nd8 23. Ra1 Bd4+ 24. Kh2 Nf6 25. Ra5 h5 26. Nxb5 Ng4+ 27. Kh1 Bb6 28. Bc3 Rh7 29. Ra2 e6 30. f5 gxf5 31. exf5 Rh6 32. fxe6 Qe7 33. exf7 Ne5 34. Qf4 Rh8 35. Bxe5 dxe5 36. Qf6 Qxf6 37. Rxf6 Ke7 38. f8=Q+ Rxf8 39. Rxf8 Kxf8 40. Re2 Ke7 41. Rxe5+ Kf6 42. Rxh5 Nf7 43. Rf5+ Ke7 44. d6+ Nxd6 45. Nxd6 Kxd6 46. g4 Rg8 47. Kg2 Bd8 48. b5 Kc7 49. Rc5+ Kb7 50. Rf5 Kb6 51. Kg3 Rh8 52. Kg2 Rh6 53. g5 Rg6 54. h4 Rg7 55. Kg3 Kb7 56. Kg4 Rh7 57. g6 Rxh4+ 58. Kg3 Rh6 59. Rf7+ Bc7+ 60. Rxc7+ Kxc7 61. g7 Rd6 62. g8=Q Rxd3+ 63. Kf4 Rd1 64. Qc4+ Kb8 65. b6 Rd7 66. Qc6 Rh7 67. Ke5 Rh5+ 68. Kd4 Rh4+ 69. Kc5 Rc4+ 70. Kb5 Rxc6 71. Kxc6 Kc8 72. Kb5 Kb7 73. Ka5 Kb8 74. Ka6 Ka8 1/2-1/2

[Event "CYCC U10"]
[Site "Quebec CAN"]
[Date "2008.07.16"]
[Round "6"]
[White "Preotu, Razvan"]
[Black "Gu, Sheng Ming"]
[Result "1-0"]
[WhiteElo "1526"]
[BlackElo "1398"]
[PlyCount "83"]
[GameId "2160767910353953"]
[EventDate "2008.07.14"]
[EventType "swiss"]
[EventRounds "7"]
[EventCountry "CAN"]
[SourceTitle "EXT 2011"]
[Source "ChessBase"]
[SourceDate "2011.11.26"]
[SourceVersion "1"]
[SourceVersionDate "2011.11.26"]
[SourceQuality "1"]

1. e4 c5 2. Nf3 e6 3. d4 cxd4 4. Nxd4 Nf6 5. Nc3 Nc6 6. Bc4 Bb4 7. Nxc6 bxc6 8. f3 h6 9. Bd2 Qb6 10. Qe2 d5 11. exd5 cxd5 12. Bb5+ Bd7 13. Bxd7+ Nxd7 14. a3 Bxc3 15. Bxc3 d4 16. Qe4 O-O 17. Qxd4 Qxd4 18. Bxd4 e5 19. Bc3 Nb6 20. O-O-O f6 21. Bb4 Rfd8 22. Rxd8+ Rxd8 23. Ba5 Re8 24. Bxb6 axb6 25. Re1 Kf7 26. Kd2 Ke6 27. c4 Kd6 28. Kd3 Kc6 29. b4 b5 30. c5 f5 31. Rd1 g5 32. g4 f4 33. Ke4 Re6 34. Rd5 Kc7 35. Rxe5 Rxe5+ 36. Kxe5 h5 37. gxh5 g4 38. Kxf4 gxf3 39. Kxf3 Kc6 40. h6 Kd5 41. h7 Kc6 42. h8=Q 1-0